000 01206cam a22002054a 4500
005 20250605164051.0
008 250528s ||||||||||||||||||||||||d
035 _a17277
020 _a140241094
040 _aGR-AtMCL
_bgre
_dGR-AtMCL
_eAACR2
245 1 _aThe Economics of the Common Market / Integration in the European Union
250 _a8th
260 _bPenguin Books,
_c1995
300 _a406
520 _aAn in-depth study of the economic principles underlying the decision to create and extend the scope of the European Community and the development of policy ever since. Preface, The Evolution of the European Union, The Union Decision-Making Institutions, The Community Budget and Borrowing Powers, Tariff Barriers and the Customs Union, Non-Tariff Barriers in the Customs Union, Factor Movements and the Common Market, Economic and Monetary Union, Agriculture and Transport and Energy, Regional and Social Policy, Industry and the Consumer and Fisheries and the Environment, Global Trading Relationships, Challenges Facing the European Union, Abbreviations, References, Further Reading, Index.
700 1 _aSwann Dennis
_93438
942 _cBK
999 _c2705
_d2705